La nutrición en el siglo XXI : conferencia /

El autor parte de la convicción de que sólo con una alimentación adecuada, es posible tener acceso a una mejor educación y superar las limitaciones impuestas por la pobreza. Desde esta perspectiva, aborda cuatro temática en su exposición: el estado nutricional de la población mundial al pasar al sig...

Descripció completa

Guardat en:
Dades bibliogràfiques
Autor principal: Bressani, Ricardo (autor)
Format: Llibre
Idioma:espanyol
Publicat: México : El Colegio Nacional, 2002, c2002
Matèries:
Etiquetes: Afegir etiqueta
Sense etiquetes, Sigues el primer a etiquetar aquest registre!

MARC

LEADER 00000nam^a2200000^a^4500
001 000157097
005 20250521000000.0
009 20260310100528.481
020 |a 970-640-215-2 
037 |a Acervo ITESO - Biblioteca 
041 |a ESP 
082 |a 613. 2  |b BRE 
100 |a Bressani, Ricardo  |e (autor) 
245 1 3 |a La nutrición en el siglo XXI :  |b conferencia /  |c R. Bressani. 
264 4 |a México :  |b El Colegio Nacional,  |c 2002, c2002 
300 |a 92 p. 
336 |a texto  |b txt  |2 rdacontenido 
337 |a sin mediación  |b n  |2 rdamedio 
338 |a volumen  |b nc  |2 rdasoporte 
520 |a El autor parte de la convicción de que sólo con una alimentación adecuada, es posible tener acceso a una mejor educación y superar las limitaciones impuestas por la pobreza. Desde esta perspectiva, aborda cuatro temática en su exposición: el estado nutricional de la población mundial al pasar al siglo XXI; el papel de la biotecnología vegetal; el papel de la ciencia y tecnología en proporcionar nutrientes; y los nutrientes. 
649 |a XX 
650 |a Alimentos y Bebidas -  |x Aspectos Sociales y Culturales 
650 |a Industria Alimenticia 
650 |a Tecnología de Alimentos 
650 |a Genética Vegetal 
650 |a Bioquímica Vegetal 
650 |a Industria Alimenticia 
650 |a Industria Agropecuaria 
650 |a Política Alimentaria 
650 |a Biotecnología 
650 |a Nutrición 
910 |a Fondo General 
920 |a Impresos - Libros 
930 |a Colección General 
905 |a 101 
901 |a 0500084081  |b IT1  |c ACC  |u 20250521 
902 |a https://opac.biblio.iteso.mx/vufind/Record/000157097